000 03094nam a2200337 4500
001 113467
003 DR-UNIBE
005 20250428141910.0
008 250422b2025 dr ||||| |||| 00| 0 spa d
020 _a 9789945251234
040 _aBIBLIOTECA UNIBE
_bspa
_cBIBLIOTECA UNIBE
_erda
041 _aspa
082 _222
_aRD 972.93 B142o
100 1 0 _aBáez Evertsz, Franc,
_d1948-2016
_q(Báez Evertsz, Francisco Bienvenido)
_eautor
_956963
245 1 0 _aObras selectas /
_cFranc Báez Evertsz ; preámbulo : Leopoldo Artiles Gil ; cuidado de edición : Kary Alba Rocha y Raymundo González ; diagramación : Juan Francisco Domínguez Novas ; diseño de cubierta : Yenifer De la Rosa
250 _aPrimera edición
260 _aSanto Domingo :
_bArchivo General de la Nación (AGN),
_c2025
300 _atomos :
_bfotos b/n, cuadros ;
_c25 x 17 cm
490 _aArchivo General de la Nación ;
_v520
500 _aInformación del autor en las solapas
505 _aSobre una vida dedicada a la Sociología : preámbulo a la obra del sociólogo dominicano Franc Báez Evertsz | La Formación del Sistema Agroexportador en el Caribe (República Dominicana y Cuba, 1515-1898) | Presentación. Capítulo I. Especialización y vías de desarrollo en el Caribe | Capítulo II. Especialización fallida, factores de decadencia y desigualdades estructurales | Capítulo III. Las estructuras precapitalistas de Cuba y Dominicana en la primera mitad del siglo XIX ┌ Capítulo IV. La antesala del capitalismo : procesos preparatorios de la transformación | Capítulo V. El primer impulso expansivo capitalista, 149 | Bibliografía. Azúcar y Dependencia en la República Dominicana (desde la emergencia de la industria capitalista del azúcar hasta su parcial xpropiación nacional) . Prólogo. Luis Gómez | Presentación, F. B. | Introducción | Capítulo I. La transformación de la producción azucarera | Capítulo II. Formación y consolidación del enclave azucarero | Capítulo III. Hacia el control nacional del sector exportador : la Era de Trujillo | Capítulo IV. Tendencias, límites y contradicciones del proyecto trujillista | Capítulo V. Apéndice : notas sobre la disolución del proyecto trujillista y la era de Balaguer | Bibliografía | Anexos. Propuesta de una Corporación Azucarera Dominicana : Informe de Coverdale & Colpitts, 1.° de abril de 1958 | La Corporación Azucarera Dominicana : contexto histórico y ciclo de una propuesta |
650 7 _2lemb
_aProducción azucarera
_xHistoria
_9194627
650 7 _2lemb
_a Exportaciones
_x Historia
_yEra de Trujillo
_9194628
651 7 _2lemb
_a República Dominicana
_x Historia
_91416
700 1 0 _aRocha Arias, Kary Alba
_9166060
_ecuidado de la edición
700 1 0 _aGonzález, Raymundo,
_d1961-
_q(González de Peña, Raymundo Manuel)
_9144555
_ecuidado de la edición
700 1 0 _aDomínguez Novas, Juan Francisco
_9127336
_ediagramador
700 1 0 _a De la Rosa, Yenifer
_ediseñador de cubierta
_984991
700 1 0 _aArtiles Gil, Leopoldo
_927096
_epreámbulo
942 _2ddc
_cBK
999 _c113467
_d113467